Elementos de Derecho disciplinario teórico-práctico / (Record no. 69546)

MARC details
000 -LEADER
campo de control de longitud fija 00556nam a2200169 i 4500
001 - NÚMERO DE CONTROL
campo de control 69546
003 - IDENTIFICADOR DE NÚMERO DE CONTROL
campo de control ES-MaACL
005 - FECHA Y HORA DE LA ÚLTIMA TRANSACCIÓN
campo de control 20230906170539.0
007 - CAMPO FIJO DE DESCRIPCIÓN FÍSICA--INFORMACIÓN GENERAL
campo de control de longitud fija t|
008 - DATOS DE LONGITUD FIJA--INFORMACIÓN GENERAL
campo de control de longitud fija 040707s1962 sp ||||1| spa d
100 1# - ENTRADA PRINCIPAL--NOMBRE DE PERSONA
Nombre de persona García y Domínguez, Ulpiano R.
9 (RLIN) 55428
245 10 - MENCIÓN DEL TÍTULO
Título Elementos de Derecho disciplinario teórico-práctico /
Mención de responsabilidad, etc. Ulpiano R. García y Domínguez.
260 ## - PUBLICACIÓN, DISTRIBUCIÓN, ETC.
Lugar de publicación, distribución, etc. Madrid :
Nombre del editor, distribuidor, etc. [s.n.,
Fecha de publicación, distribución, etc. 1962] (
Lugar de fabricación/manufactura Toledo :
Fabricante Artes Gráficas C.I.O.)
300 ## - DESCRIPCIÓN FÍSICA
Extensión 570 p. ;
Dimensiones 24 cm.
852 ## - LOCALIZACIÓN
Ubicación ES-MaACL
Número de control de estantería C-22770
Sublocalización o colección R.51540
852 ## - LOCALIZACIÓN
Ubicación ES-MaACL
Número de control de estantería C-45607
Sublocalización o colección R.76879
Holdings
Estatus retirado Estado de pérdida Estado de daño No para préstamo Biblioteca de origen Biblioteca actual Ubicación en estantería Fecha de adquisición Fuente de adquisición Total de préstamos Signatura topográfica completa Código de barras Visto por última vez Precio de reemplazo Tipo de ítem Koha
        Biblioteca del Ateneo de Madrid Biblioteca del Ateneo de Madrid Depósito 2 17/01/2008     C-45607 1072825 23/02/2023 23/02/2023 Libro impreso
        Biblioteca del Ateneo de Madrid Biblioteca del Ateneo de Madrid Galería 17/01/2008     C-22770 1072824 23/02/2023 23/02/2023 Libro impreso